000 00313nam a2200109Ia 4500
008 171211s9999 xx 000 0 und d
245 4 _aThe Pina Bausch Sourcebook: The Making of Tanztheater
245 _cRoyd Climenhaga
260 _c2012
650 _xART
856 _uhttp://down.ebook777.com/061/0415618029.pdf
999 _c348579
_d348579